Statistiques concernant Pays qui produisent le plus d'avocats

Cliquez ici pour prendre le quiz!

Statistiques générales

  • Ce quiz a été pris 72 fois
  • Le résultat moyen est 9 sur 15

Statistiques - réponses

Production d'avocats par an (en centaine de tonnes)Pays% Correct
300Brésil
93%
2 442Mexique
90%
136États Unis
83%
777Perou
80%
169Chili
78%
131Venezuela
73%
979Colombie
70%
669Indonesie
57%
136Guatemala
43%
248Haïti
33%
213Vietnam
33%
416Kenya
32%
634Republique dominicaine
32%
152Ethiopie
28%
165Israel
28%

Distribution des résultats

Percentile par nombre de réponses

% des personnes avec chaque résultat

Votre développement - résultats

Vous n’avez pas pris ce quiz